La previsión y el control en la empresa (Record no. 134840)

MARC details
000 -LEADER
campo de control de longitud fija 00950nam a2200253 i 4500
001 - NÚMERO DE CONTROL
campo de control 134840
003 - IDENTIFICADOR DE NÚMERO DE CONTROL
campo de control ES-MaACL
005 - FECHA Y HORA DE LA ÚLTIMA TRANSACCIÓN
campo de control 20230906194744.0
007 - CAMPO FIJO DE DESCRIPCIÓN FÍSICA--INFORMACIÓN GENERAL
campo de control de longitud fija t|
008 - DATOS DE LONGITUD FIJA--INFORMACIÓN GENERAL
campo de control de longitud fija 070629s1960 sp ||||1| spa d
080 ## - NÚMERO DE LA CLASIFICACIÓN DECIMAL UNIVERSAL
Número de la Clasificación Decimal Universal 658.5(02)
100 1# - ENTRADA PRINCIPAL--NOMBRE DE PERSONA
Nombre de persona Thibert, Raymond B.
9 (RLIN) 109926
245 13 - MENCIÓN DEL TÍTULO
Título La previsión y el control en la empresa
Resto del título : la práctica del control presupuestario en empresas industriales y comerciales /
Mención de responsabilidad, etc. por R.B. Thibert ; prólogo de Wenceslao Millán Fernández ; traducido por Sebastián Besora Besora, Alberto Grau Dosaigües.
260 ## - PUBLICACIÓN, DISTRIBUCIÓN, ETC.
Lugar de publicación, distribución, etc. Barcelona :
Nombre del editor, distribuidor, etc. Hispano Europea,
Fecha de publicación, distribución, etc. 1960.
300 ## - DESCRIPCIÓN FÍSICA
Extensión XXIII, 376 p. ;
Dimensiones 24 cm.
490 1# - MENCIÓN DE SERIE
Mención de serie Galileo
650 14 - PUNTO DE ACCESO ADICIONAL DE MATERIA--TÉRMINO DE MATERIA
Término de materia o nombre geográfico como elemento de entrada Control presupuestario.
9 (RLIN) 11344
700 1# - ENTRADA AGREGADA--NOMBRE PERSONAL
Nombre de persona Millán Fernández, Wenceslao.
9 (RLIN) 81146
700 1# - ENTRADA AGREGADA--NOMBRE PERSONAL
Nombre de persona Besora, Sebastián.
9 (RLIN) 28589
700 1# - ENTRADA AGREGADA--NOMBRE PERSONAL
Nombre de persona Grau Dosaiguës, Alberto.
9 (RLIN) 59751
830 0# - PUNTO DE ACCESO ADICIONAL DE SERIE-TÍTULO UNIFORME
Título uniforme Galileo
9 (RLIN) 182278
852 ## - LOCALIZACIÓN
Ubicación ES-MaACL
Número de control de estantería C-18344
Sublocalización o colección R.46704
Holdings
Estatus retirado Estado de pérdida Estado de daño No para préstamo Biblioteca de origen Biblioteca actual Ubicación en estantería Fecha de adquisición Fuente de adquisición Total de préstamos Signatura topográfica completa Código de barras Visto por última vez Precio de reemplazo Tipo de ítem Koha
        Biblioteca del Ateneo de Madrid Biblioteca del Ateneo de Madrid Galería 17/01/2008     C-18344 1140350 23/02/2023 23/02/2023 Libro impreso